000 00642nam a2200241Ia 4500
003 OSt
005 20220918202508.0
006 a|||||r|||| 00| 0
007 ta
008 220917b |||||||| |||| 00| 0 eng d
024 _a101,694
037 _cTextual
040 _aARTS
_cARTS
_beng
041 _2eng
_aeng
082 _aV236.M7, M2-;1
100 _aFauja Singh
_91535
245 0 _aSome aspects of state and society under Ranjit Singh
260 _aNew Delhi
_bMaster Pub
_c1982
300 _av,439p.
_ccm.
650 _aHISTORY
942 _hV236.M7, M2-;1
_cTEXL
_2CC
999 _c225154
_d225154